000 00568nam a2200193Ia 4500
005 20250508152823.0
008 008 250505s9999 xx 000 0 hin d
037 _aTextual
040 _aFEDL
_beng
_cFEDL
041 _ahin
_2eng
084 _a311, SET
_qFEDL
100 _aSethi Vinod Karan
_9762472
245 0 _aSankhiyki ke sinddhant aur upyog
260 _aUttar Pradesh, India
_bPrakashan Shakha, Suchna Vibhag
_c1961
300 _a416p
490 _aHindi - samiti - Granth Mala; 45
942 _cTEXL
_h311, SET
999 _c1338972
_d1338972